000 00285nam a22001337a 4500
008 181207b xxu||||| |||| 00| 0 eng d
020 _a0802802931
041 _aeng
080 _a610
100 _a4
101 _aSHM
245 _aOn Moral Medicine
_cLammers,S.E
942 _2udc
_cBK
999 _c53016
_d53016